000 00498nam a2200169 4500
001 122613
003 ES-MaACL
005 20230906192018.0
007 t|
008 070214s1958 sp r ||||1| spa d
100 1 _aPuig, Ignacio.
_994227
245 1 4 _aLos satélites rusos y americanos /
_cIgnacio Puig.
260 _aBarcelona :
_bEdiciones Betis,
_c1958.
300 _a254 p., 4 lám. :
_bil. ;
_c18 cm.
650 0 4 _aSatélites artificiales.
_916995
852 _aES-MaACL
_jC-14765
_bR.42437
999 _c122613
_d122613